Регионална библиотека "Любен Каравелов" - Русе

Наръчник по обществени поръчки (Запис номер 50221)

MARC детайли
000 -Лидер
Контролно поле с фиксирана дължина 01688nam a2200373 c 4500
003 - Код на организацията, давaща контролен номер
Контролно поле BLK
005 - Дата и час на последна редакция
Контролно поле 20180422101450.0
008 - Елементи от данни с фиксирана дължина
fixed length control field 180408b bul|||||r ||||||| ||bul||
010 ## - Наследен системен номер
LC control number KNG00054092000
020 ## - Международен стандартен номер на книга ISBN
Международен стандартен номер на книга ISBN 954-608-111-6
-- издат.: Труд и право
040 ## - Източник на каталожния запис
Идентификатор на билиотеката - собственик на записа BLK
041 ## - Код за език
Код за езика на текст/звукозапис или на отделно заглавие Български
Код за езика КДБФ Български
080 ## - УДК
Текстов определител УДК Основни задачи на общественото управление
УДК код - определител по УДК 351
УДК определител :347.45/.47(497.2)(094.9)
УДК - код + определител 351:347.45/.47(497.2)(094.9)
100 1# - Редна дума - Автор
Автор Павлова, Миглена
Авторска отговорност първи автор
R(LIN) 283067
139 ## - Редно поле
Редна дума България. Агенция по обществените поръчки
Авторски знак Бъл - Б 92
245 10 - Сведения за заглавието
Заглавие Наръчник по обществени поръчки
Редно поле (дума) Миглена Павлова; рец. Огнян Стефанов Герджиков; рец. Методи Марков.
257 ## - Страна на издаване
Страна на създаване/издаване България
260 ## - Област на издателските данни
-- София
Име на издателя, разпространителя и проч. Труд и право
Година на издаване 2005
Печатница София : Д. Благоев
300 ## - Физическа характеристика
Страници 624 с.
Размери/Мащаб 21 см
380 ## - Жанр
Жанр Обществени науки
650 #4 - Допълнително описание по предмет – тема
Основно описание – тема или топоним Договори - България - законодателни и директивни материали
9 (RLIN) 249120
653 ## - Ключова дума – ненормативна
Ключова дума обществени поръчки
653 ## - Ключова дума – ненормативна
Ключова дума договори
653 ## - Ключова дума – ненормативна
Ключова дума законодателство
653 ## - Ключова дума – ненормативна
Ключова дума България
700 1# - Други автори (авторска отговорност)
Лично име Герджиков, Огнян Стефанов
Автороска отговорност (Описва отношението между автора и произведението) рец.
9 (RLIN) 366353
700 1# - Други автори (авторска отговорност)
Лично име Марков, Методи
Автороска отговорност (Описва отношението между автора и произведението) рец.
9 (RLIN) 367784
710 1# - Име на организация или юридическо лице като допълнителен термин за търсене
Наименование на организация или юридическо лице като редна дума България. Агенция по обществените поръчки
9 (RLIN) 283068
852 ## - Местоположение
Форматна сигнатура Цб 223909
856 4# - Електронен адрес и достъп
Електронен формат pdf - файл
Път до файла /url/
856 4# - Електронен адрес и достъп
Електронен формат pdf - файл
Път до файла /url/
942 ## - АРТИКУЛИ
Вид на библиотечния материал Книги
Скрит в OPAC Не
944 ## - СЪЗДАВАНЕ И РЕДАКЦИЯ на ЗАПИСА
Създаване/Редакция Създаване
Дата на регистрацията/редакция 31.05.2005
Служител, извършил регистрацията/редакцията Цветанка_Енчева
944 ## - СЪЗДАВАНЕ И РЕДАКЦИЯ на ЗАПИСА
Създаване/Редакция Редакция
Дата на регистрацията/редакция 30.05.2016
Служител, извършил регистрацията/редакцията Виолета_Тройчева
999 ## - СИСТЕМНИ КОНТРОЛНИ НОМЕРА
Koha biblionumber 50221
Koha biblioitemnumber 50221
Наличности
Код за отписване Код за изгубен артикул Код за повреда Коз за рестрикции Код за отдаване Артикулен № Име на библиотеката - собственик Име на библиотеката, в която се намира в момента Статус (Текущо местоположение) Дата на вписване в системата Местоположение - отдел Цена в лева Инвентарен номер Систематично азбучна сигнатура Баркод Номер на екземпляра Цена в евро Служебна бележка Служебен тип на артикула Източник на класификационната схема
Изтеглен Не е изгубен Не е повреден без рестрикции ползва се в читалня 78557 Регионална библиотека "Любен Каравелов" Русе Регионална библиотека "Любен Каравелов" Русе Читалня 2005-05-31 Читалня 15.00 120000694563 Ч 351/Б 92 120000694563 1 7.67 Дост: Pk Вид: Ф N: 3 Дата: 31.05.2005 Дата инв: 29.03.2017 Бележки инв: Ч2017 Книги  
  Не е изгубен Не е повреден без рестрикции ползва се в читалня 78558 Регионална библиотека "Любен Каравелов" Русе Регионална библиотека "Любен Каравелов" Русе Хранилище 2006-07-06 Хранилище 15.00 120000703657 Цб 223909 120000703657 2 7.67 Дост: Dp Вид: Д N: 29 Дата: 06.07.2005 Книги  
Изтеглен Не е изгубен Не е повреден без рестрикции заемане за дома 78559 Регионална библиотека "Любен Каравелов" Русе Регионална библиотека "Любен Каравелов" Русе Заемна - подръчен фонд 2007-06-29 Заемна - подръчен фонд 15.00 120000715141 П 351/Б 92 120000715141 3 7.67 Дост: DA Вид: А N: 6 Дата: 29.06.2007 Дата инв: 30.01.2015 Бележки инв: П2015 Книги Universal Decimal Classification
Изтеглен Не е изгубен Не е повреден без рестрикции заемане за дома 78560 Регионална библиотека "Любен Каравелов" Русе Регионална библиотека "Любен Каравелов" Русе Заемна - подръчен фонд 2007-06-29 Заемна - подръчен фонд 15.00 120000715142 П 351/Б 92 120000715142 4 7.67 Дост: DA Вид: А N: 6 Дата: 29.06.2007 Книги Universal Decimal Classification
Vip Innovations Ltd, Rousse, Bulgaria 2025